000
00277nam a22001337a 4500
003
SGT
082
_a
635
_b
SIN
100
_a
SINNOTT EDMUND W
245
_a
HORMONES AND HORTICULTURE
260
_a
LONDON
_b
MCGROWHILL
_c
1947
300
_a
326
650
_a
AG
942
_2
ddc
_c
RARE
999
_c
33751
_d
33751